| 000 | 00364nam a2200109 a 4500 | ||
|---|---|---|---|
| 100 | 1 | _aTanvir Wasti | |
| 245 | 1 | 0 | _aLecture notes for advanced structural / |
| 260 |
_a[S.l.] : _bInstitut pour la Promotion des Sciences de l'Ingénieur, _c1977. |
||
| 300 | _a1 v. (unpaged) | ||
| 856 | 4 | 0 | _uhttp://www.amazon.com/exec/obidos/ASIN/B0007C5YXE/chopaconline-20 |
| 942 | _cBK | ||
| 999 |
_c13826 _d13826 |
||